[Event "AUT-chT2W 2223"]
[Site "Austria"]
[Date "2022.09.23"]
[Round "1.4"]
[White "Grabher, Heinz"]
[Black "Doskocil, Klaus"]
[Result "0-1"]
[WhiteElo "2213"]
[BlackElo "2150"]
[PlyCount "98"]
[EventDate "2022.09.23"]
[EventType "team-tourn"]
[EventRounds "11"]
[EventCountry "AUT"]
[SourceTitle "CBM 210 Extra"]
[Source "ChessBase"]
[SourceDate "2022.11.30"]
[SourceVersion "1"]
[SourceVersionDate "2022.11.30"]
[SourceQuality "1"]
[WhiteTeam "Dornbirn"]
[BlackTeam "Lustenau"]
[WhiteTeamCountry "AUT"]
[BlackTeamCountry "AUT"]

1. e4 c5 2. Nf3 Nc6 3. Nc3 e5 4. Bc4 Be7 5. d3 d6 6. h3 Nf6 7. 0-0 0-0 8. a4 Be6 9. Bxe6 fxe6 10. Ng5 Qd7 11. f4 h6 12. fxe5 dxe5 13. Nf3 Nh7 14. Be3 b6 15. a5 Ng5 16. axb6 axb6 17. Rxa8 Rxa8 18. Nd2 Rb8 19. Qh5 Bf6 20. Qg4 Kh8 21. h4 Nh7 22. Nd5 Qf7 23. Nc3 Qe7 24. g3 b5 25. Ne2 Nb4 26. Nb3 Rc8 27. Rc1 c4 28. dxc4 bxc4 29. Nd2 Qd6 30. Qf3 Na2 31. Rb1 Nb4 32. b3 cxb3 33. cxb3 Qd3 34. Rd1 Be7 35. Nc1 Qc2 36. Nc4 Rf8 37. Qg4 Nf6 38. Qe2 Qxe4 39. Nd3 Ng4 40. Nxb4 Bxb4 41. Qd3 Qxd3 42. Rxd3 e4 43. Rd4 Nxe3 44. Nxe3 Bc5 45. Rxe4 Rf3 46. Re5 Bxe3+ 47. Kg2 Rf2+ 48. Kg1 Bd4 49. Re4 Rf4+ 0-1

[Event "Liechtenstein op 32nd"]
[Site "Triesen"]
[Date "2014.05.26"]
[Round "4"]
[White "Benes, Petr1111"]
[Black "Grabher, Heinz"]
[Result "1/2-1/2"]
[WhiteElo "2049"]
[BlackElo "2251"]
[PlyCount "138"]
[EventDate "2014.05.23"]
[EventType "swiss"]
[EventRounds "9"]
[EventCountry "LIE"]
[SourceTitle "CBM 160 Extra"]
[Source "ChessBase"]
[SourceDate "2014.07.01"]
[SourceVersion "1"]
[SourceVersionDate "2014.07.01"]
[SourceQuality "1"]

1. c4 Nf6 2. Nc3 e5 3. g3 c6 4. d4 exd4 5. Qxd4 d5 6. Nf3 Be6 7. Ng5 Nbd7 8. Bg2 Bc5 9. Qh4 d4 10. Nxe6 fxe6 11. Ne4 Nxe4 12. Qxd8+ Rxd8 13. Bxe4 Bb4+ 14. Bd2 Bxd2+ 15. Kxd2 Nc5 16. Bc2 a5 17. f4 0-0 18. b3 e5 19. fxe5 Rf2 20. Raf1 Rdf8 21. Ke1 Rxf1+ 22. Rxf1 Re8 23. Rf5 b6 24. Rf4 Ne6 25. Rh4 g6 26. Re4 c5 27. h4 Kg7 28. Kd2 Nd8 29. g4 h6 30. e3 Ne6 31. Bd1 g5 32. h5 Re7 33. Kd3 Kf7 34. exd4 Nxd4 35. Re3 Nc6 36. Rf3+ Kg7 37. Rf5 Nxe5+ 38. Kc3 Nd7 39. Kd2 Nf6 40. Bf3 Rd7+ 41. Ke2 Rd4 42. Re5 Nxg4 43. Re7+ Kf6 44. Rb7 Kf5 45. Rxb6 Ne5 46. Bd5 Rh4 47. Rxh6 Rh2+ 48. Kf1 g4 49. Rh8 g3 50. h6 Ng6 51. Rh7 Rf2+ 52. Ke1 Nf4 53. Rf7+ Kg5 54. Rg7+ Kxh6 55. Rxg3 Rxa2 56. Kd1 Kh5 57. Rg8 Rb2 58. Bf3+ Kh6 59. Bd5 Rxb3 60. Kc2 Rb4 61. Rc8 Nxd5 62. cxd5 Rd4 63. Rxc5 Kg6 64. Rxa5 Kf6 65. Kc3 Rh4 66. Ra7 Ke5 67. Rd7 Rg4 68. d6 Ke6 69. Rd8 Rh4 1/2-1/2

[Event "Liechtenstein op 30th"]
[Site "Triesen"]
[Date "2012.05.15"]
[Round "5"]
[White "Cebalo, Miso"]
[Black "Grabher, Heinz"]
[Result "0-1"]
[WhiteElo "2437"]
[BlackElo "2246"]
[PlyCount "114"]
[EventDate "2012.05.11"]
[EventType "swiss"]
[EventRounds "9"]
[EventCountry "LIE"]
[SourceTitle "CBM 148 Extra"]
[Source "ChessBase"]
[SourceDate "2012.06.22"]
[SourceVersion "1"]
[SourceVersionDate "2012.06.22"]
[SourceQuality "1"]

1. c4 e5 2. g3 c6 3. d4 Bb4+ 4. Bd2 Bxd2+ 5. Qxd2 d6 6. Nc3 Nf6 7. Bg2 Qe7 8. e3 0-0 9. Nge2 a6 10. 0-0 Ra7 11. a4 a5 12. h3 Na6 13. g4 Nb4 14. Ng3 g6 15. f4 Ne8 16. f5 Qh4 17. Rf3 b6 18. Raf1 f6 19. d5 cxd5 20. Nxd5 Bb7 21. Ne4 Bxd5 22. cxd5 Rc7 23. Nc3 Rc5 24. R1f2 Rf7 25. Kh2 g5 26. Rg3 Qh6 27. Qd1 Rfc7 28. Bf1 Rc8 29. Bb5 Qg7 30. h4 gxh4 31. Rh3 Nc7 32. g5 fxg5 33. f6 Qg6 34. Bd7 Rf8 35. Bf5 Qh6 36. Ne4 Kh8 37. Qg4 Nbxd5 38. Nxc5 Nxf6 39. Qc4 bxc5 40. Rhf3 e4 41. Bxe4 Ng4+ 42. Kg1 Nxf2 43. Qc3+ Kg8 44. Kxf2 Rxf3+ 45. Bxf3 Qg7 46. Qxa5 Qxb2+ 47. Be2 Ne6 48. Qa8+ Kg7 49. Qd5 Kf6 50. Qxd6 g4 51. Kf1 g3 52. Qc6 Ke5 53. Qf3 Qa1+ 54. Kg2 Qxa4 55. Qh5+ Kd6 56. Qxh7 Qa2 57. Qh5 Qd5+ 0-1

[Event "Liechtenstein op 30th"]
[Site "Triesen"]
[Date "2012.05.14"]
[Round "4"]
[White "Grabher, Heinz"]
[Black "Sarmir, Milos"]
[Result "1-0"]
[WhiteElo "2246"]
[BlackElo "2070"]
[PlyCount "135"]
[EventDate "2012.05.11"]
[EventType "swiss"]
[EventRounds "9"]
[EventCountry "LIE"]
[SourceTitle "CBM 148 Extra"]
[Source "ChessBase"]
[SourceDate "2012.06.22"]
[SourceVersion "1"]
[SourceVersionDate "2012.06.22"]
[SourceQuality "1"]

1. e4 e5 2. Nf3 Nc6 3. Nc3 d6 4. d4 exd4 5. Nxd4 Nxd4 6. Qxd4 Nf6 7. Bg5 Be7 8. 0-0-0 0-0 9. e5 Ne8 10. Bxe7 Qxe7 11. Nd5 Qd8 12. exd6 Qxd6 13. Qh4 Nf6 14. Bd3 h6 15. Nxf6+ Qxf6 16. Qxf6 gxf6 17. Rhe1 Be6 18. Re4 Kg7 19. Rf4 Rfd8 20. Re1 Rd5 21. Re3 f5 22. Ref3 Rad8 23. b3 Re5 24. Bxf5 Bxf5 25. Rxf5 Re1+ 26. Kb2 Rd7 27. Rg3+ Kf8 28. Kc3 Rd6 29. Rd3 Rc6+ 30. Kd2 Re7 31. Rff3 Re5 32. Rd7 Re7 33. Rd8+ Kg7 34. Rdd3 Ra6 35. a4 Rc6 36. Rfe3 Kf6 37. Rxe7 Kxe7 38. Rd5 Rg6 39. g3 Rf6 40. f4 Rc6 41. c4 Kf6 42. a5 Ke6 43. Kc3 a6 44. Rh5 Ke7 45. Kd4 b6 46. b4 Rd6+ 47. Rd5 Rc6 48. Re5+ Kd7 49. Rh5 Ke7 50. b5 axb5 51. Rxb5 bxa5 52. Rxa5 Rb6 53. Rh5 Kd7 54. Ke4 Rc6 55. c5 Ke7 56. Re5+ Kd7 57. Kf5 Ra6 58. h4 h5 59. g4 hxg4 60. Kxg4 Rg6+ 61. Rg5 Rh6 62. Rg7 Ke7 63. h5 Rc6 64. Rg8 f5+ 65. Kg5 Kf7 66. Rd8 Rxc5 67. h6 Ke7 68. Ra8 1-0

[Event "Liechtenstein op 30th"]
[Site "Triesen"]
[Date "2012.05.13"]
[Round "3"]
[White "Izsak, Gyula"]
[Black "Grabher, Heinz"]
[Result "1-0"]
[WhiteElo "2483"]
[BlackElo "2246"]
[PlyCount "113"]
[EventDate "2012.05.11"]
[EventType "swiss"]
[EventRounds "9"]
[EventCountry "LIE"]
[SourceTitle "CBM 148 Extra"]
[Source "ChessBase"]
[SourceDate "2012.06.22"]
[SourceVersion "1"]
[SourceVersionDate "2012.06.22"]
[SourceQuality "1"]

1. d4 Nf6 2. c4 e6 3. Nf3 d5 4. Nc3 Bb4 5. cxd5 exd5 6. Bg5 Nbd7 7. Qb3 c5 8. a3 Qa5 9. Bd2 0-0 10. dxc5 Bxc5 11. e3 Be7 12. Be2 Nc5 13. Qc2 Qb6 14. b4 Nce4 15. Nxd5 Nxd5 16. Qxe4 Bf6 17. Rc1 Be6 18. Nd4 Bxd4 19. Qxd4 Qxd4 20. exd4 Rfc8 21. 0-0 Rxc1 22. Rxc1 Rc8 23. Rc5 b6 24. Rxc8+ Bxc8 25. Bd3 Kf8 26. h4 h5 27. f3 f5 28. Kf2 a6 29. a4 Bd7 30. Bxa6 Bxa4 31. Bc8 g6 32. Bb7 Bb3 33. Kg3 Kf7 34. Ba6 Kf6 35. Bd3 Ba4 36. Bc4 Bc6 37. b5 Bb7 38. Bf4 Ke7 39. Be5 Ba8 40. Kh3 Bb7 41. Bd3 Nb4 42. Be2 Bd5 43. Kg3 Bb3 44. Kf4 Ke6 45. Kg5 Kf7 46. Bc7 Nd5 47. Bd6 Nc3 48. Bd3 Be6 49. Be5 Bb3 50. Kh6 Ba2 51. g4 hxg4 52. fxg4 Bb3 53. gxf5 gxf5 54. Kg5 Be6 55. Bxf5 Nxb5 56. Bxe6+ Kxe6 57. h5 1-0

[Event "Liechtenstein op 29th"]
[Site "Triesen"]
[Date "2011.05.31"]
[Round "5"]
[White "Grabher, Heinz"]
[Black "Frick, Renato"]
[Result "1/2-1/2"]
[WhiteElo "2246"]
[BlackElo "2085"]
[PlyCount "84"]
[EventDate "2011.05.27"]
[EventType "swiss"]
[EventRounds "9"]
[EventCountry "LIE"]
[SourceTitle "CBM 142 Extra"]
[Source "ChessBase"]
[SourceDate "2011.06.27"]
[SourceVersion "1"]
[SourceVersionDate "2011.06.27"]
[SourceQuality "1"]

1. e4 c5 2. Nf3 e6 3. d4 cxd4 4. Nxd4 Nc6 5. Nc3 Qc7 6. g3 a6 7. Bg2 d6 8. 0-0 Bd7 9. Re1 Be7 10. Nxc6 Bxc6 11. Qg4 h5 12. Qe2 h4 13. a4 hxg3 14. hxg3 Nf6 15. a5 Rc8 16. Be3 Kf8 17. Bb6 Qd7 18. Bd4 Ne8 19. b3 Nc7 20. Qg4 e5 21. Qxd7 Bxd7 22. Be3 Ne6 23. Nd5 Rxc2 24. Rec1 Rxc1+ 25. Rxc1 Bd8 26. b4 Bc6 27. Bf1 Ke8 28. Bxa6 Ng5 29. Bd3 Kd7 30. Ra1 f5 31. Bxg5 fxe4 32. Bxe4 Bxg5 33. Rb1 Bd8 34. Kf1 Ke6 35. Rd1 b6 36. axb6 Bxb6 37. Nf4+ exf4 38. Bxc6 fxg3 39. fxg3 Rf8+ 40. Kg2 Rf2+ 41. Kh3 Rb2 42. Re1+ Kf6 1/2-1/2

[Event "Liechtenstein op 28th"]
[Site "Triesen"]
[Date "2010.05.12"]
[Round "6"]
[White "Grabher, Heinz"]
[Black "Astengo, Corrado"]
[Result "1-0"]
[WhiteElo "2245"]
[BlackElo "2163"]
[PlyCount "103"]
[EventDate "2010.05.07"]
[EventType "swiss"]
[EventRounds "9"]
[EventCountry "LIE"]
[SourceTitle "CBM 136 Extra"]
[Source "ChessBase"]
[SourceDate "2010.07.02"]
[SourceVersion "2"]
[SourceVersionDate "2010.07.15"]
[SourceQuality "1"]

1. e4 c5 2. Nf3 e6 3. d4 cxd4 4. Nxd4 Nc6 5. Nc3 Qc7 6. g3 a6 7. Bg2 Nf6 8. 0-0 Nxd4 9. Qxd4 Bc5 10. Bf4 d6 11. Qd2 h6 12. Rad1 e5 13. Be3 Bg4 14. Bxc5 dxc5 15. f3 Be6 16. Nd5 Bxd5 17. exd5 Qd6 18. f4 exf4 19. Rde1+ Kd8 20. Rxf4 Kc7 21. b4 Rac8 22. Bh3 Rce8 23. Rd1 Kb8 24. Bg2 Rc8 25. a3 Rhe8 26. c4 Re5 27. Qf2 cxb4 28. axb4 Qxb4 29. d6 Rd8 30. Rfd4 Rd7 31. Bh3 Rd8 32. Qf4 Re1+ 33. Rxe1 Qxe1+ 34. Bf1 Qe6 35. c5 Nd5 36. Qd2 Qe3+ 37. Qxe3 Nxe3 38. Bh3 f5 39. Kf2 Ng4+ 40. Bxg4 fxg4 41. Ke3 Rf8 42. Rxg4 Rf7 43. Kd4 Kc8 44. Ke5 Kd7 45. Rb4 Kc6 46. Kd4 b5 47. cxb6 a5 48. Rb1 Rf8 49. b7 Rb8 50. Ke5 Re8+ 51. Kf5 Rb8 52. Ke6 1-0

[Event "Liechtenstein op 28th"]
[Site "Triesen"]
[Date "2010.05.10"]
[Round "4"]
[White "Schink, Barbara"]
[Black "Grabher, Heinz"]
[Result "0-1"]
[WhiteElo "2063"]
[BlackElo "2245"]
[PlyCount "62"]
[EventDate "2010.05.07"]
[EventType "swiss"]
[EventRounds "9"]
[EventCountry "LIE"]
[SourceTitle "CBM 136 Extra"]
[Source "ChessBase"]
[SourceDate "2010.07.02"]
[SourceVersion "2"]
[SourceVersionDate "2010.07.15"]
[SourceQuality "1"]

1. e4 c5 2. Nf3 e6 3. d4 cxd4 4. Nxd4 Nf6 5. Nc3 Nc6 6. Nxc6 bxc6 7. e5 Nd5 8. Ne4 Qc7 9. f4 Qb6 10. c4 Ne3 11. Qd3 Nf5 12. g4 Nd4 13. Be2 Bb7 14. Kf1 c5 15. Rb1 d5 16. exd6 Bxd6 17. Nxd6+ Qxd6 18. Rg1 Rd8 19. Qc3 0-0 20. Be3 e5 21. Bxd4 exd4 22. Qg3 Rfe8 23. f5 Qf6 24. Qb3 Qe5 25. Bf3 Bxf3 26. Qxf3 Qxh2 27. Qg2 Qe5 28. Qd2 d3 29. Re1 Qd4 30. Rxe8+ Rxe8 31. Rg3 Re2 0-1

[Event "AUT-chT2W 0910"]
[Site "Austria"]
[Date "2010.01.30"]
[Round "7.2"]
[White "Rotstein, Arkadij"]
[Black "Grabher, Heinz"]
[Result "1-0"]
[WhiteElo "2534"]
[BlackElo "2252"]
[PlyCount "95"]
[EventDate "2009.10.23"]
[EventType "team-tourn"]
[EventRounds "11"]
[EventCountry "AUT"]
[SourceTitle "EXT 2011"]
[Source "ChessBase"]
[SourceDate "2010.11.26"]
[SourceVersion "1"]
[SourceVersionDate "2010.11.26"]
[SourceQuality "1"]
[WhiteTeam "Absam"]
[BlackTeam "Hohenems II"]
[WhiteTeamCountry "AUT"]
[BlackTeamCountry "AUT"]

1. d4 Nf6 2. Nf3 e6 3. g3 d5 4. Bg2 Be7 5. 0-0 0-0 6. c4 Nbd7 7. Qc2 c6 8. Nbd2 b6 9. e4 Bb7 10. e5 Ne8 11. cxd5 cxd5 12. Re1 a5 13. Nf1 Rc8 14. Qe2 Nc7 15. Bf4 Ba6 16. Qe3 b5 17. Bg5 Nb6 18. Bxe7 Qxe7 19. Qf4 b4 20. Ne3 f5 21. exf6 Rxf6 22. Qh4 Qf8 23. Rac1 Nc4 24. Nxc4 dxc4 25. Ng5 h6 26. Ne4 Rf5 27. Nc5 Bb5 28. Rc2 e5 29. Nb7 Ba4 30. Rce2 exd4 31. Qxd4 Nb5 32. Qb6 Rb8 33. Qe6+ Kh8 34. Qxc4 Rxb7 35. Re8 Rb8 36. Rxf8+ Rbxf8 37. b3 Na3 38. Qc7 Be8 39. Bh3 R5f6 40. Re7 Nb5 41. Qxa5 Nd4 42. Qc7 Rc6 43. Rxe8 Rxe8 44. Qd7 Re1+ 45. Kg2 Rd1 46. Bf5 g6 47. Be4 Rf6 48. Qe7 1-0

[Event "AUT-chT2W 0809"]
[Site "Austria"]
[Date "2009.01.18"]
[Round "8.3"]
[White "Grabher, Heinz"]
[Black "Enoeckl, Philipp"]
[Result "1-0"]
[WhiteElo "2226"]
[BlackElo "2188"]
[PlyCount "88"]
[EventDate "2008.10.17"]
[EventType "team-tourn"]
[EventRounds "11"]
[EventCountry "AUT"]
[SourceTitle "EXT 2010"]
[Source "ChessBase"]
[SourceDate "2010.11.25"]
[SourceVersion "1"]
[SourceVersionDate "2010.11.25"]
[SourceQuality "1"]
[WhiteTeam "Hohenems II"]
[BlackTeam "Ranshofen"]
[WhiteTeamCountry "AUT"]
[BlackTeamCountry "AUT"]

1. e4 e6 2. d4 d5 3. Nc3 Bb4 4. e5 c5 5. a3 Bxc3+ 6. bxc3 Ne7 7. Nf3 b6 8. a4 Ba6 9. Bb5+ Bxb5 10. axb5 Qd7 11. dxc5 bxc5 12. Qe2 Qb7 13. c4 0-0 14. 0-0 dxc4 15. Qxc4 a6 16. Qxc5 Rc8 17. Qd6 Nf5 18. Qd3 axb5 19. Rxa8 Qxa8 20. Qxb5 Qd5 21. Qxd5 exd5 22. g4 Nh6 23. Bxh6 gxh6 24. Rd1 Rc5 25. Rd3 Nc6 26. c3 Kf8 27. Kg2 Ke7 28. Kg3 Ke6 29. Re3 Rc4 30. Nd2 Ra4 31. Nb3 Ra3 32. Nd4+ Nxd4 33. cxd4 Ra2 34. Rb3 Rd2 35. Rb6+ Ke7 36. Rxh6 Rxd4 37. Rxh7 Re4 38. f4 d4 39. Rh6 d3 40. Rd6 Re3+ 41. Kh4 Rf3 42. f5 Re3 43. f6+ Ke8 44. Rd5 Rg3 1-0

[Event "AUT-chT2W 0809"]
[Site "Austria"]
[Date "2008.10.18"]
[Round "2.3"]
[White "Schmidlechner, Alexander"]
[Black "Grabher, Heinz"]
[Result "1/2-1/2"]
[WhiteElo "2210"]
[BlackElo "2226"]
[PlyCount "79"]
[EventDate "2008.10.17"]
[EventType "team-tourn"]
[EventRounds "11"]
[EventCountry "AUT"]
[SourceTitle "EXT 2010"]
[Source "ChessBase"]
[SourceDate "2010.11.25"]
[SourceVersion "1"]
[SourceVersionDate "2010.11.25"]
[SourceQuality "1"]
[WhiteTeam "Goetzis"]
[BlackTeam "Hohenems II"]
[WhiteTeamCountry "AUT"]
[BlackTeamCountry "AUT"]

1. d4 Nf6 2. c4 e6 3. Nf3 Bb4+ 4. Bd2 Qe7 5. Nc3 b6 6. Qc2 Bb7 7. a3 Bxc3 8. Bxc3 Ne4 9. e3 d6 10. Bd3 f5 11. 0-0 0-0 12. Nd2 Nxc3 13. Qxc3 Nd7 14. f4 Rac8 15. Rae1 c5 16. e4 cxd4 17. Qxd4 e5 18. Qe3 exf4 19. Rxf4 fxe4 20. Bxe4 Bxe4 21. Qxe4 Qxe4 22. Rxf8+ Kxf8 23. Nxe4 Ke7 24. b3 Ne5 25. Rd1 Rc6 26. Kf2 Nd7 27. Re1 Ne5 28. Ke3 h6 29. Kd4 Ke6 30. Nd2 Rc7 31. Nf3 Rc5 32. a4 Kf6 33. Nd2 Nc6+ 34. Kd3 d5 35. Rf1+ Ke7 36. Re1+ Kd7 37. cxd5 Rxd5+ 38. Kc3 Rc5+ 39. Nc4 Na5 40. Rd1+ 1/2-1/2

[Event "Liechtenstein op 26th"]
[Site "Triesen"]
[Date "2008.04.25"]
[Round "1"]
[White "Grabher, Heinz"]
[Black "Puliti, Alessandro"]
[Result "1-0"]
[WhiteElo "2258"]
[BlackElo "1932"]
[PlyCount "63"]
[EventDate "2008.04.25"]
[EventType "swiss"]
[EventRounds "9"]
[EventCountry "LIE"]
[SourceTitle "CBM 123 Extra"]
[Source "ChessBase"]
[SourceDate "2008.05.06"]
[SourceVersion "1"]
[SourceVersionDate "2008.05.06"]
[SourceQuality "1"]

1. e4 c5 2. Nf3 d6 3. d4 cxd4 4. Nxd4 g6 5. Nc3 Bg7 6. Be3 Nf6 7. f3 0-0 8. Qd2 Nc6 9. Bc4 Bd7 10. h4 Ne5 11. Bb3 a5 12. a4 Rc8 13. 0-0-0 Nc4 14. Bxc4 Rxc4 15. b3 Rc8 16. g4 h5 17. Rdg1 Kh7 18. Nd5 Nxd5 19. exd5 Qc7 20. gxh5 Qc3 21. hxg6+ fxg6 22. Qxc3 Rxc3 23. Kd2 Rfc8 24. h5 g5 25. Rxg5 Bh6 26. f4 Bxg5 27. fxg5 Rxe3 28. Kxe3 Rf8 29. Rh4 Rg8 30. Re4 Rg7 31. h6 Rf7 32. Rf4 1-0

[Event "AUT-chT2W 0708"]
[Site "Austria"]
[Date "2008.03.01"]
[Round "10.4"]
[White "Kondrak, Christof"]
[Black "Grabher, Heinz"]
[Result "1-0"]
[WhiteElo "2153"]
[BlackElo "2258"]
[PlyCount "71"]
[EventDate "2007.10.06"]
[EventType "team"]
[EventRounds "11"]
[EventCountry "AUT"]
[SourceTitle "EXT 2009"]
[Source "ChessBase"]
[SourceDate "2008.11.26"]
[SourceVersion "1"]
[SourceVersionDate "2008.11.26"]
[SourceQuality "1"]
[WhiteTeam "Schwaz"]
[BlackTeam "Hohenems II"]
[WhiteTeamCountry "AUT"]
[BlackTeamCountry "AUT"]

1. d4 Nf6 2. c4 e6 3. a3 b6 4. Nf3 Bb7 5. Bg5 Be7 6. e3 0-0 7. Be2 d6 8. h3 Nbd7 9. Bf4 Re8 10. 0-0 Bf8 11. Nc3 e5 12. Bh2 Ne4 13. Rc1 Nxc3 14. Rxc3 e4 15. Nd2 a5 16. b4 axb4 17. axb4 Ra2 18. Nb3 Qa8 19. c5 bxc5 20. dxc5 Ne5 21. b5 Bd5 22. c6 Bxb3 23. Rxb3 Qa4 24. Bxe5 dxe5 25. b6 cxb6 26. Rxb6 Qxd1 27. Bxd1 Ra7 28. Bg4 Bd6 29. Rc1 g6 30. Bd7 Rd8 31. Rb7 Raa8 32. Rd1 Bb8 33. c7 Bxc7 34. Rxc7 Kg7 35. Rb1 Kf6 36. Bc6 1-0

[Event "AUT-chT2W 0708"]
[Site "Austria"]
[Date "2008.02.29"]
[Round "9.4"]
[White "Loeffler, Christoph"]
[Black "Grabher, Heinz"]
[Result "0-1"]
[WhiteElo "2172"]
[BlackElo "2258"]
[PlyCount "62"]
[EventDate "2007.10.06"]
[EventType "team"]
[EventRounds "11"]
[EventCountry "AUT"]
[SourceTitle "EXT 2009"]
[Source "ChessBase"]
[SourceDate "2008.11.26"]
[SourceVersion "1"]
[SourceVersionDate "2008.11.26"]
[SourceQuality "1"]
[WhiteTeam "Salzburg"]
[BlackTeam "Hohenems II"]
[WhiteTeamCountry "AUT"]
[BlackTeamCountry "AUT"]

1. e4 e5 2. Nc3 Nf6 3. g3 Bc5 4. Bg2 Nc6 5. d3 d6 6. h3 Be6 7. Na4 a6 8. Nxc5 dxc5 9. b3 Qd6 10. Nf3 h6 11. Bb2 0-0-0 12. Qd2 g5 13. 0-0-0 Nd7 14. Nh2 Rhg8 15. Ng4 Bxg4 16. hxg4 Rg6 17. Qe3 a5 18. c3 a4 19. Rd2 axb3 20. axb3 Na5 21. Kc2 Qe6 22. c4 Qb6 23. Kd1 Nxb3 24. Rc2 Qa6 25. Re1 Rd6 26. Bf1 Qa4 27. Qf3 f6 28. Qf5 Rb6 29. Ree2 Nd4 30. Bxd4 Rb1+ 31. Kd2 cxd4 0-1

[Event "AUT-chT 0708"]
[Site "Austria"]
[Date "2008.01.11"]
[Round "5.6"]
[White "Grabher, Heinz"]
[Black "Volkmann, Friedrich Karl"]
[Result "1-0"]
[WhiteElo "2258"]
[BlackElo "2434"]
[PlyCount "91"]
[EventDate "2007.11.30"]
[EventType "team"]
[EventRounds "11"]
[EventCountry "AUT"]
[SourceTitle "EXT 2009"]
[Source "ChessBase"]
[SourceDate "2008.11.26"]
[SourceVersion "1"]
[SourceVersionDate "2008.11.26"]
[SourceQuality "1"]
[WhiteTeam "Hohenems"]
[BlackTeam "Wulkaprodersdorf"]
[WhiteTeamCountry "AUT"]
[BlackTeamCountry "AUT"]

1. e4 c5 2. Nf3 Nc6 3. d4 cxd4 4. Nxd4 Nf6 5. Nc3 e5 6. Ndb5 d6 7. Bg5 a6 8. Na3 Be6 9. Nc4 Rc8 10. Nd5 Bxd5 11. Bxf6 gxf6 12. Qxd5 Nb4 13. Qd2 d5 14. exd5 Nxc2+ 15. Qxc2 Bb4+ 16. Kd1 b5 17. Qe4 bxc4 18. Bxc4 Qb6 19. Ke2 Bc5 20. b3 Bxf2 21. Rhf1 Bd4 22. Rad1 Ke7 23. Rf3 Rhg8 24. g3 Rg6 25. Kf1 h5 26. Kg2 a5 27. Rfd3 Kf8 28. Qf5 Rd8 29. Qxh5 Kg7 30. Qf5 Rg5 31. Qe4 f5 32. Qe2 Qf6 33. Qd2 Bc5 34. d6 e4 35. Rd5 e3 36. Qe2 f4 37. Rxg5+ Qxg5 38. Rd5 Qg6 39. Rxc5 Rxd6 40. Rd5 Rf6 41. Qf3 Qc2+ 42. Kh3 Rh6+ 43. Kg4 Rg6+ 44. Rg5 e2 45. Qxe2 f5+ 46. Kh4 1-0

[Event "AUT-chT2W 0607"]
[Site "Austria"]
[Date "2007.03.04"]
[Round "11.6"]
[White "Grabher, Heinz"]
[Black "Scheffknecht, Philipp"]
[Result "1-0"]
[WhiteElo "2261"]
[BlackElo "2179"]
[PlyCount "39"]
[EventDate "2006.10.21"]
[EventType "team"]
[EventRounds "11"]
[EventCountry "AUT"]
[SourceTitle "EXT 2008"]
[Source "ChessBase"]
[SourceDate "2007.11.25"]
[SourceVersion "1"]
[SourceVersionDate "2007.11.25"]
[SourceQuality "1"]

1. e4 c5 2. Nf3 e6 3. d4 cxd4 4. Nxd4 a6 5. Nc3 Qc7 6. g3 b6 7. Bg2 Bb7 8. 0-0 d6 9. Re1 Nd7 10. Nd5 exd5 11. exd5+ Be7 12. Nf5 Kf8 13. Bf4 g5 14. Rxe7 gxf4 15. Qg4 Nxe7 16. Qg7+ Ke8 17. Qxh8+ Nf8 18. Re1 fxg3 19. hxg3 Rd8 20. Bh3 1-0

[Event "AUT-chT2W 0607"]
[Site "Austria"]
[Date "2007.03.03"]
[Round "10.2"]
[White "Tabernig, Bernhard"]
[Black "Grabher, Heinz"]
[Result "1-0"]
[WhiteElo "2267"]
[BlackElo "2261"]
[PlyCount "79"]
[EventDate "2006.10.21"]
[EventType "team"]
[EventRounds "11"]
[EventCountry "AUT"]
[SourceTitle "EXT 2008"]
[Source "ChessBase"]
[SourceDate "2007.11.25"]
[SourceVersion "1"]
[SourceVersionDate "2007.11.25"]
[SourceQuality "1"]

1. d4 Nf6 2. c4 e6 3. Nc3 Bb4 4. Qc2 c5 5. dxc5 Na6 6. a3 Bxc3+ 7. Qxc3 Nxc5 8. b4 Nce4 9. Qd4 d5 10. e3 0-0 11. f3 Nd6 12. c5 Nf5 13. Qc3 e5 14. Qxe5 Re8 15. Qb2 Nxe3 16. Bxe3 Rxe3+ 17. Kf2 Qe7 18. Qd4 Re5 19. Ne2 Bd7 20. Ng3 Re8 21. Ra2 h5 22. h4 a6 23. Re2 Rxe2+ 24. Bxe2 Qd8 25. Bd3 Qc7 26. Rd1 Qc6 27. Bc2 b6 28. Bf5 bxc5 29. Qxc5 Qxc5+ 30. bxc5 Be6 31. c6 Rc8 32. Rc1 g6 33. Bd3 a5 34. Ke3 Kf8 35. Ne2 Ne8 36. Kd4 Ke7 37. Kc5 Nd6 38. Nd4 Nc4 39. Bxc4 dxc4 40. Nxe6 1-0

[Event "AUT-chT2W 0607"]
[Site "Austria"]
[Date "2006.12.01"]
[Round "3"]
[White "Natter, Markus"]
[Black "Grabher, Heinz"]
[Result "1-0"]
[WhiteElo "2102"]
[BlackElo "2311"]
[PlyCount "99"]
[EventDate "2006.10.21"]
[EventType "team"]
[EventRounds "11"]
[EventCountry "AUT"]
[SourceTitle "CBM 115 Extra"]
[Source "ChessBase"]
[SourceDate "2007.01.10"]
[SourceVersion "1"]
[SourceVersionDate "2007.01.10"]
[SourceQuality "1"]

1. e4 e5 2. Nf3 Nc6 3. Nc3 Nf6 4. g3 Bc5 5. Bg2 d6 6. 0-0 h6 7. d3 Bg4 8. h3 Be6 9. Na4 Qd7 10. Kh2 0-0 11. Nxc5 dxc5 12. b3 Rad8 13. Bb2 Qd6 14. a4 a5 15. Nd2 Nd7 16. f4 f6 17. Rf2 Nd4 18. Nc4 Bxc4 19. bxc4 exf4 20. gxf4 Ne6 21. Qg4 Nd4 22. Qg3 Qb6 23. Bc3 Rde8 24. h4 Re7 25. Bh3 Rd8 26. Rg1 Nf8 27. Qg4 Kh7 28. Rfg2 Kh8 29. Qh5 Qd6 30. Qg4 b6 31. Kh1 Qe6 32. f5 Qf7 33. Bb2 Nd7 34. Bc1 Ne5 35. Qg3 Qh5 36. Bf4 Ndf3 37. Rf1 Nxh4 38. Bg4 Nxg4 39. Qxg4 Qxg4 40. Rxg4 Nxf5 41. exf5 Rd4 42. Rg2 Kg8 43. Kh2 Kf8 44. Kg3 Ke8 45. Kf3 Kf8 46. Rfg1 Red7 47. Re1 Kf7 48. Reg1 Kf8 49. Be3 R4d6 50. Bxh6 1-0

[Event "EU-Cup 22nd"]
[Site "Fuegen"]
[Date "2006.10.09"]
[Round "2.5"]
[White "Grabher, Heinz"]
[Black "Bernasek, Jan"]
[Result "0-1"]
[WhiteElo "2311"]
[BlackElo "2470"]
[PlyCount "76"]
[EventDate "2006.10.08"]
[EventType "team-swiss"]
[EventRounds "7"]
[EventCountry "AUT"]
[SourceTitle "CBM 115"]
[Source "ChessBase"]
[SourceDate "2006.11.15"]
[SourceVersion "1"]
[SourceVersionDate "2006.11.15"]
[SourceQuality "1"]
[WhiteTeam "Hohenems"]
[BlackTeam "Pardubice"]
[WhiteTeamCountry "AUT"]
[BlackTeamCountry "CZE"]

1. e4 c5 2. Nf3 e6 3. d4 cxd4 4. Nxd4 a6 5. Nc3 b5 6. g3 Bb7 7. Bg2 b4 8. Nce2 Nf6 9. 0-0 Bxe4 10. Bxe4 Nxe4 11. Nf4 Nf6 12. Qf3 Ra7 13. Be3 Rc7 14. Rad1 Qc8 15. Rfe1 Be7 16. Nf5 exf5 17. Bd4 Rc6 18. Bxf6 Rxf6 19. Rxe7+ Kxe7 20. Nd5+ Kd8 21. Nxf6 gxf6 22. Qxf5 Qc6 23. Qf4 Kc8 24. c3 bxc3 25. bxc3 Re8 26. Rb1 Re5 27. Qb4 Rb5 28. Qf8+ Kc7 29. Rxb5 axb5 30. Qxf7 Qxc3 31. Qxh7 Qa1+ 32. Kg2 Qxa2 33. Qf5 Qb2 34. h4 Qe5 35. Qg6 b4 36. h5 b3 37. h6 f5 38. Qg7 Nc6 0-1